[Event "chess.com SpeedChess Q2Sw"]
[Site "chess.com INT"]
[Date "2022.11.12"]
[Round "10"]
[White "Rakhmanov, Aleksandr"]
[Black "Parkhov, Yair"]
[Result "0-1"]
[WhiteTitle "GM"]
[BlackTitle "IM"]
[WhiteElo "2630"]
[BlackElo "2470"]
[WhiteFideId "4173708"]
[BlackFideId "2813408"]
[EventDate "2022.11.12"]

1. d4 Nf6 2. c4 e6 3. Nc3 d5 4. cxd5 Nxd5 5. e4 Nxc3 6. bxc3 c5 7. Rb1 Be7 8.
Bb5+ Nd7 9. Nf3 O-O 10. O-O Nf6 11. Qe2 cxd4 12. cxd4 Bd7 13. Bd3 Bc6 14. Bb2
Qa5 15. Ne5 Ba4 16. Rfe1 Rfd8 17. d5 exd5 18. exd5 Be8 19. Bc4 Bd6 20. Rbd1 Ba4
21. Rd3 Re8 22. Bc3 Qc7 23. Re3 b5 24. Bxb5 Nxd5 25. Bxe8 Rxe8 26. Bd4 Nxe3 27.
Qxe3 f6 28. Qf3 Bxe5 29. Qd5+ Qf7 0-1

[Event "chess.com SpeedChess Q2Sw"]
[Site "chess.com INT"]
[Date "2022.11.12"]
[Round "10"]
[White "Theodorou, Nikolas"]
[Black "Hakobyan, Aram"]
[Result "1-0"]
[WhiteTitle "GM"]
[BlackTitle "GM"]
[WhiteElo "2598"]
[BlackElo "2613"]
[WhiteFideId "4262875"]
[BlackFideId "13306677"]
[EventDate "2022.11.12"]

1. e4 e5 2. d4 exd4 3. c3 d5 4. exd5 Qxd5 5. cxd4 Nc6 6. Nf3 Nf6 7. Nc3 Bb4 8.
Be2 O-O 9. O-O Qf5 10. d5 Ne5 11. h3 Nxf3+ 12. Bxf3 Bd6 13. Re1 Bd7 14. Qb3 Rfe8
15. Bd2 g5 16. Qc4 h5 17. Ne4 g4 18. hxg4 hxg4 19. Nxd6 cxd6 20. Be2 Re4 21. Qc7
Rae8 22. Bf1 g3 23. fxg3 Ng4 24. Rxe4 Rxe4 25. Qd8+ Kh7 26. Qh4+ Kg7 27. Bd3
Qf2+ 28. Kh1 Re5 29. Rf1 Qxf1+ 30. Bxf1 Nf2+ 31. Kg1 Ng4 32. Bc3 f6 1-0

[Event "chess.com SpeedChess Q2Sw"]
[Site "chess.com INT"]
[Date "2022.11.12"]
[Round "10"]
[White "Liyanage, Ranindu Dilshan"]
[Black "Kovalev, Vladislav"]
[Result "0-1"]
[WhiteTitle "FM"]
[BlackTitle "GM"]
[WhiteElo "2331"]
[BlackElo "2623"]
[WhiteFideId "9915834"]
[BlackFideId "13504398"]
[EventDate "2022.11.12"]

1. d4 Nf6 2. c4 e6 3. Nf3 d5 4. g3 Be7 5. Bg2 O-O 6. O-O dxc4 7. Qa4 a6 8. Qxc4
b5 9. Qc2 Bb7 10. Bd2 Be4 11. Qc1 b4 12. a3 Nc6 13. Be3 a5 14. Nbd2 Bd5 15. Bg5
Ne4 16. Bxe7 Nxe7 17. Nxe4 Bxe4 18. a4 Nf5 19. Rd1 Qd5 20. Qxc7 Rfc8 21. Qf4 Rc2
22. Rac1 Rxe2 23. Rc5 Qb7 24. Rdc1 h6 25. Rc7 Qd5 26. h4 Rd8 27. R1c5 Qd6 28.
Ne5 Bxg2 29. Kxg2 Qxd4 30. Qf3 Rxe5 0-1

[Event "chess.com SpeedChess Q2Sw"]
[Site "chess.com INT"]
[Date "2022.11.12"]
[Round "10"]
[White "Donchenko, Alexander"]
[Black "Bortnyk, Olexandr"]
[Result "0-1"]
[WhiteTitle "GM"]
[BlackTitle "GM"]
[WhiteElo "2645"]
[BlackElo "2604"]
[WhiteFideId "24603295"]
[BlackFideId "14120828"]
[EventDate "2022.11.12"]

1. c4 g6 2. g3 Bg7 3. Bg2 d6 4. Nc3 Nc6 5. d3 Bd7 6. Rb1 Qc8 7. Bd2 h5 8. h3 a5
9. a3 Nh6 10. b4 axb4 11. axb4 Nf5 12. b5 Ne5 13. Ra1 Rxa1 14. Qxa1 O-O 15. Qa2
c6 16. Nf3 Nxf3+ 17. Bxf3 cxb5 18. Nxb5 Bxb5 19. cxb5 Nd4 20. Be4 Nxb5 21. Bxg6
Nc3 22. Qb3 Qc6 23. f3 Qc5 24. Kf1 Nd5 25. Bxh5 Ne3+ 26. Ke1 Ng2+ 27. Kf1 Ne3+
28. Ke1 Bd4 29. g4 Be5 30. Rg1 Bh2 31. Bxe3 Qxe3 32. Rg2 Be5 33. g5 Ra8 0-1

[Event "chess.com SpeedChess Q2Sw"]
[Site "chess.com INT"]
[Date "2022.11.12"]
[Round "10"]
[White "Chigaev, Maksim"]
[Black "Mikaelyan, Arman"]
[Result "0-1"]
[WhiteTitle "GM"]
[BlackTitle "GM"]
[WhiteElo "2632"]
[BlackElo "2556"]
[WhiteFideId "4108116"]
[BlackFideId "13304852"]
[EventDate "2022.11.12"]

1. c4 c6 2. Nf3 d5 3. e3 Nf6 4. Nc3 Nbd7 5. Qc2 e5 6. cxd5 Nxd5 7. Qf5 Qf6 8.
Qxf6 N5xf6 9. b3 Bd6 10. Bb2 O-O 11. h3 e4 12. Nd4 Ne5 13. f4 exf3 14. gxf3 c5
15. Ndb5 Bb8 16. f4 Nf3+ 17. Ke2 Nh4 18. Rg1 Ng6 19. Bg2 Re8 20. Kf2 a6 21. Na3
Ra7 22. Ne2 b5 23. Bxf6 gxf6 24. Rac1 Rd7 25. Bc6 Rde7 26. Bxe8 Rxe8 27. Rxc5
Bd6 28. Rd5 Bxa3 29. f5 Bb7 30. Rd4 Bc5 31. Rf4 Kg7 32. h4 h5 33. b4 Bb6 34.
fxg6 fxg6 35. Ke1 Rc8 36. Rf2 Rc2 37. Nc3 Bxe3 38. dxe3 Rxc3 39. Kd2 Rc4 40.
Rgf1 f5 41. Rf4 Be4 42. Rc1 Rxb4 43. Rc7+ Kf6 0-1

[Event "chess.com SpeedChess Q2Sw"]
[Site "chess.com INT"]
[Date "2022.11.12"]
[Round "10"]
[White "Firat, Burak"]
[Black "Koc, Przemyslaw"]
[Result "1-0"]
[WhiteTitle "GM"]
[WhiteElo "2460"]
[BlackElo "2346"]
[WhiteFideId "6305881"]
[BlackFideId "1109081"]
[EventDate "2022.11.12"]

1. e4 e5 2. Nf3 Nf6 3. d3 Nc6 4. Be2 d5 5. Nbd2 Be7 6. O-O O-O 7. c3 h6 8. Qc2
Be6 9. Re1 Qd7 10. b4 a6 11. a4 d4 12. Ba3 dxc3 13. Qxc3 Bd6 14. Nb3 Qe7 15. Nc5
a5 16. b5 Nd4 17. Nxd4 exd4 18. Qxd4 Bc8 19. Qc3 b6 20. Na6 Bxa6 21. Bxd6 cxd6
22. bxa6 Rxa6 23. d4 Raa8 24. Bb5 Rac8 25. Qe3 Rc2 26. h3 Rfc8 27. e5 Nd5 28.
Qf3 Nb4 29. Rad1 d5 30. Qg4 R8c3 31. e6 f6 32. Qg6 Rb2 33. Be8 Rcc2 34. Bf7+ Kh8
35. Rc1 Rc4 36. Rxc4 dxc4 37. Qe4 h5 38. Qa8+ Kh7 39. Qg8+ Kh6 40. Qh8+ Kg5 41.
Qxh5+ Kf4 1-0

[Event "chess.com SpeedChess Q2Sw"]
[Site "chess.com INT"]
[Date "2022.11.12"]
[Round "10"]
[White "Feng, Eric"]
[Black "Korchmar, Vasiliy"]
[Result "1/2-1/2"]
[BlackTitle "IM"]
[WhiteElo "1885"]
[BlackElo "2438"]
[WhiteFideId "30952590"]
[BlackFideId "24131750"]
[EventDate "2022.11.12"]

1. b4 e5 2. Bb2 Bxb4 3. Bxe5 Nf6 4. c3 Ba5 5. Nf3 O-O 6. e3 c5 7. Be2 Nc6 8.
Bxf6 Qxf6 9. O-O d5 10. d4 c4 11. Qc1 b5 12. Nbd2 Bf5 13. Ne1 b4 14. cxb4 Nxb4
15. a3 Nd3 16. Nxd3 cxd3 17. Bf3 Rfc8 18. Qd1 Qd6 19. Nb3 Bc3 20. Ra2 Rab8 21.
Nc5 Rxc5 22. dxc5 Qxc5 23. g4 Be4 24. Bxe4 dxe4 25. h3 h5 26. gxh5 d2 27. Qg4
Qc4 28. Rc2 Qd3 29. Qd1 Rb5 30. Kh1 Rxh5 31. Rxc3 Rxh3+ 32. Kg2 Qd7 33. Rh1 Rf3
34. Kf1 Qb5+ 35. Kg2 Qg5+ 36. Kf1 Qb5+ 37. Kg2 Qg5+ 38. Kf1 Qb5+ 1/2-1/2

[Event "chess.com SpeedChess Q2Sw"]
[Site "chess.com INT"]
[Date "2022.11.12"]
[Round "10"]
[White "Yoo, Christopher Woojin"]
[Black "Yeletsky, Ivan"]
[Result "0-1"]
[WhiteTitle "GM"]
[BlackTitle "FM"]
[WhiteElo "2573"]
[BlackElo "2491"]
[WhiteFideId "30909694"]
[BlackFideId "24180327"]
[EventDate "2022.11.12"]

1. e4 e5 2. d3 Nc6 3. Nf3 Nf6 4. Nbd2 d5 5. g3 Bc5 6. Bg2 dxe4 7. dxe4 O-O 8.
O-O a5 9. Qe2 b6 10. Nc4 Ba6 11. c3 h6 12. b3 Qd7 13. Rd1 Qg4 14. h3 Qxe4 15.
Be3 Bxe3 16. fxe3 Qf5 17. Nh4 Qe6 18. Rf1 Rad8 19. Rf2 Ne7 20. Raf1 Nfd5 21. Qe1
a4 22. e4 Nf6 23. Qe2 Nh7 24. Nf5 Nxf5 25. exf5 Qf6 26. bxa4 Rfe8 27. h4 e4 28.
Bxe4 Qxc3 29. f6 Nxf6 30. Rxf6 gxf6 31. Qg4+ Kf8 32. Qf4 Qd4+ 33. Kh2 Qxe4 34.
Qxh6+ Kg8 0-1

[Event "chess.com SpeedChess Q2Sw"]
[Site "chess.com INT"]
[Date "2022.11.12"]
[Round "10"]
[White "Manukian, Artak"]
[Black "Aghasiyev, Kamal"]
[Result "1-0"]
[BlackTitle "IM"]
[WhiteElo "2196"]
[BlackElo "2441"]
[WhiteFideId "13301373"]
[BlackFideId "13402854"]
[EventDate "2022.11.12"]

1. e4 e5 2. Nf3 Nc6 3. d4 exd4 4. Nxd4 Bc5 5. Nxc6 Qf6 6. Qf3 bxc6 7. Nc3 Rb8 8.
Bc4 d6 9. Bb3 Be6 10. Be3 Bb6 11. Bxb6 axb6 12. Qe2 Ne7 13. O-O Ng6 14. f4 Nxf4
15. Qd2 g5 16. g3 Nh3+ 17. Kg2 Qg6 18. Bxe6 Qxe6 19. Rf5 g4 20. Raf1 Rf8 21. Rf6
Qe7 22. Qh6 b5 23. b4 Ra8 24. Qh5 Qd7 25. R1f5 Ra3 26. Nd1 h6 27. Rxh6 Rg8 28.
Rh8 Rxh8 29. Qxh8+ Ke7 30. Qh4+ Ke8 31. Qxg4 Qe6 32. Kxh3 Rxa2 33. Ne3 Ra3 34.
Qf4 c5 35. bxc5 1-0

[Event "chess.com SpeedChess Q2Sw"]
[Site "chess.com INT"]
[Date "2022.11.12"]
[Round "10"]
[White "Jumabayev, Rinat"]
[Black "Stribuk, Artiom"]
[Result "0-1"]
[WhiteTitle "GM"]
[BlackTitle "FM"]
[WhiteElo "2620"]
[BlackElo "2312"]
[WhiteFideId "13702661"]
[BlackFideId "13515659"]
[EventDate "2022.11.12"]

1. Nf3 Nf6 2. g3 g6 3. Bg2 Bg7 4. c4 O-O 5. b3 Ne4 6. d4 c5 7. O-O Nc6 8. Bb2 d6
9. h3 f5 10. e3 Kh8 11. Qe2 e5 12. Rd1 Qe7 13. a3 Bd7 14. Ra2 Rae8 15. dxc5 dxc5
16. Nfd2 Nxd2 17. Rxd2 e4 18. Nc3 Be6 19. Nd5 Bxd5 20. cxd5 Ne5 21. d6 Qd7 22.
Rd5 b6 23. b4 c4 24. Bxe5 Rxe5 25. Qxc4 Rc8 26. Qd4 Re6 27. Qd1 Rc6 28. Rad2 Bf8
29. g4 Rexd6 30. gxf5 gxf5 31. Qa1+ Bg7 32. Qa2 Rc1+ 33. Bf1 Rg6+ 34. Kh2 Qc7+
35. f4 exf3+ 0-1

[Event "chess.com SpeedChess Q2Sw"]
[Site "chess.com INT"]
[Date "2022.11.12"]
[Round "10"]
[White "Guzman Moneo, Alberto"]
[Black "Ljukin, Sergei"]
[Result "1-0"]
[WhiteTitle "CM"]
[BlackTitle "FM"]
[WhiteElo "2146"]
[BlackElo "2362"]
[WhiteFideId "2209616"]
[BlackFideId "14102200"]
[EventDate "2022.11.12"]

1. e4 e6 2. d3 d5 3. Nd2 Nf6 4. Ngf3 Be7 5. g3 O-O 6. Bg2 c5 7. O-O Nc6 8. Re1
Qc7 9. e5 Nd7 10. Qe2 b5 11. c4 a6 12. cxd5 exd5 13. Nf1 Nb6 14. Bf4 Qd8 15. h4
h6 16. Qd2 Bf5 17. Ne3 Bh7 18. Ng4 Qd7 19. e6 fxe6 20. Nfe5 Nxe5 21. Nxe5 Qc8
22. Bh3 Bf5 23. g4 Bh7 24. g5 hxg5 25. Bxg5 Bxg5 26. Qxg5 Bf5 27. Ng6 Bxh3 28.
Ne7+ Kf7 29. Nxc8 Raxc8 30. Re3 Bf5 31. Rae1 c4 32. d4 b4 33. Rf3 Kg8 34. h5 c3
35. bxc3 bxc3 36. h6 Rc7 37. Rxc3 Nc4 38. Rg3 g6 39. Qf4 Rh7 40. Qg5 Nd6 41. f3
Nf7 42. Qf4 Rxh6 43. Re2 Rc8 44. Rh2 Rxh2 45. Kxh2 Rc2+ 46. Rg2 Rc4 47. Rb2 Kg7
48. Rb7 e5 49. Qxe5+ 1-0

[Event "chess.com SpeedChess Q2Sw"]
[Site "chess.com INT"]
[Date "2022.11.12"]
[Round "10"]
[White "Deac, Bogdan-Daniel"]
[Black "Yu, Yangyi"]
[Result "1/2-1/2"]
[WhiteTitle "GM"]
[BlackTitle "GM"]
[WhiteElo "2700"]
[BlackElo "2716"]
[WhiteFideId "1226380"]
[BlackFideId "8603820"]
[EventDate "2022.11.12"]

1. d4 Nf6 2. c4 e6 3. Nf3 d5 4. Nc3 Nbd7 5. g3 dxc4 6. Bg2 Be7 7. Nd2 Nb6 8.
Nxc4 Nxc4 9. Qa4+ Bd7 10. Qxc4 Rb8 11. a4 a6 12. a5 Bd6 13. O-O O-O 14. Rd1 Qe7
15. Bg5 h6 16. Bxf6 Qxf6 17. e4 e5 18. f4 Be6 19. Nd5 Bxd5 20. Qxd5 c6 21. dxe5
cxd5 22. exf6 Bc5+ 23. Kh1 dxe4 24. Bxe4 Rfe8 25. Bf3 Re3 26. Kg2 Rb3 27. Rd7
Rxb2+ 28. Kh3 gxf6 29. Bd5 Rf8 30. Rc1 Rb5 31. Bxb7 Rxa5 32. Bxa6 Rxa6 33. Rxc5
Kg7 34. Rcc7 Ra2 35. Ra7 Rxa7 36. Rxa7 Rd8 37. Kh4 Rd2 38. Kh3 Rc2 39. Rb7 Ra2
40. Rc7 1/2-1/2

[Event "chess.com SpeedChess Q2Sw"]
[Site "chess.com INT"]
[Date "2022.11.12"]
[Round "10"]
[White "Ankerst, Mihael"]
[Black "Filgueira, Hernan"]
[Result "0-1"]
[WhiteTitle "FM"]
[BlackTitle "IM"]
[WhiteElo "2370"]
[BlackElo "2283"]
[WhiteFideId "14602369"]
[BlackFideId "101770"]
[EventDate "2022.11.12"]

1. e4 d5 2. exd5 Qxd5 3. c4 Qd8 4. d4 e5 5. d5 Nf6 6. Nf3 e4 7. Nd4 Bd6 8. Be2
O-O 9. O-O a6 10. Nc3 Qe7 11. Re1 c5 12. Nc2 Re8 13. Bf1 Qc7 14. g3 Bg4 15. Qd2
Nbd7 16. Qg5 h6 17. Qh4 Ne5 18. Bg2 Ng6 19. Qxf6 gxf6 20. Nxe4 Kg7 21. Bd2 f5
22. Nc3 f4 23. Ne4 Be5 24. d6 Qb6 25. Rab1 f3 26. Bf1 a5 27. Ne3 Be6 28. b3 f5
29. Nc3 Bxd6 30. Ned5 Qc6 31. Bd3 Be5 32. Rbd1 Kh7 33. Nf4 Bxf4 34. gxf4 Rg8 35.
Kh1 Nh4 36. Nd5 Bxd5 37. cxd5 Qg6 38. Re7+ Rg7 39. Rxg7+ Qxg7 40. Rg1 Qg2+ 41.
Rxg2 fxg2+ 42. Kg1 Nf3+ 43. Kxg2 Nxd2 44. Bxf5+ Kg7 45. d6 Rd8 46. d7 Kf6 47.
Bh3 Ne4 48. Kf3 Nd6 49. Kg4 Rxd7 50. Kh5 Rg7 51. Kxh6 Nf7+ 52. Kh5 Rg1 53. Kh4
Ra1 54. a4 Ra3 55. Bf1 Rxb3 56. Kg4 Rb4 0-1

[Event "chess.com SpeedChess Q2Sw"]
[Site "chess.com INT"]
[Date "2022.11.12"]
[Round "10"]
[White "Kabanova, Ekaterina"]
[Black "Ezat, Mohamed"]
[Result "1-0"]
[WhiteTitle "WFM"]
[BlackTitle "IM"]
[WhiteElo "2088"]
[BlackElo "2404"]
[WhiteFideId "24112917"]
[BlackFideId "10600906"]
[EventDate "2022.11.12"]

1. c4 e5 2. e3 Nc6 3. a3 Nf6 4. Qc2 d5 5. cxd5 Nxd5 6. Nf3 a6 7. b4 Be7 8. b5
axb5 9. Bxb5 O-O 10. Bb2 Bf6 11. O-O e4 12. Bxf6 Qxf6 13. Qxe4 Qxa1 14. Qxd5 Be6
15. Qh5 h6 16. d4 Ra5 17. a4 Bc4 18. Re1 Qb2 19. Nbd2 Bxb5 20. axb5 Rxb5 21. Qg4
Qc2 22. Qd7 Rb2 23. Rf1 b5 24. g4 b4 25. d5 Nb8 26. Qe7 b3 27. Ne4 Rb1 28. g5
Rxf1+ 29. Kxf1 b2 30. Nfd2 Qd3+ 31. Kg2 Qxd5 32. gxh6 gxh6 33. f3 Qe6 34. Nf6+
Kg7 35. Nh5+ Kg6 36. Nf4+ Kf5 37. Nxe6 Rg8+ 38. Kf2 Nc6 39. Qxf7+ Ke5 40. Nd4
Nxd4 41. exd4+ Kxd4 42. Qxg8 Kd3 43. Qb3+ Kxd2 44. Qxb2+ Kd1 45. Ke3 c5 46. Qd2# 1-0

[Event "chess.com SpeedChess Q2Sw"]
[Site "chess.com INT"]
[Date "2022.11.12"]
[Round "10"]
[White "Boros, Denes"]
[Black "Drygalov, Sergey"]
[Result "0-1"]
[WhiteTitle "GM"]
[BlackTitle "GM"]
[WhiteElo "2402"]
[BlackElo "2547"]
[WhiteFideId "722340"]
[BlackFideId "24171743"]
[EventDate "2022.11.12"]

1. Nf3 d5 2. e3 Nf6 3. b3 Bf5 4. Nh4 Bg4 5. f3 Bc8 6. f4 g6 7. Bb2 Bg7 8. Be2
O-O 9. O-O c5 10. Na3 Nc6 11. Bb5 Bd7 12. f5 a6 13. Be2 b5 14. c4 bxc4 15. bxc4
d4 16. Nc2 Rb8 17. Ba3 Qa5 18. exd4 cxd4 19. fxg6 hxg6 20. Kh1 Rfe8 21. Nf3 e5
22. d3 e4 23. Nd2 Bf5 24. Nb3 Qe5 25. Bc1 e3 26. Bb2 Red8 27. Na3 Nb4 28. c5 Be6
29. Nc4 Bxc4 30. dxc4 Ne4 31. Kg1 Nc3 32. Bxc3 dxc3 33. Qc1 Rd2 34. Re1 Qg5 35.
c6 Nd3 36. Qa3 Nf4 37. g3 Nxe2+ 38. Rxe2 Rxe2 39. Qd6 Rc8 40. Qd7 Qf5 41. Nc5
Qf2+ 0-1

[Event "chess.com SpeedChess Q2Sw"]
[Site "chess.com INT"]
[Date "2022.11.12"]
[Round "10"]
[White "Primbetov, Kazbek"]
[Black "Alahakoon, Isuru"]
[Result "1-0"]
[WhiteTitle "FM"]
[BlackTitle "FM"]
[WhiteElo "2156"]
[BlackElo "1984"]
[WhiteFideId "13702297"]
[BlackFideId "9900993"]
[EventDate "2022.11.12"]

1. d4 d5 2. Nf3 Bf5 3. e3 e6 4. c4 Nf6 5. Qb3 Nc6 6. a3 a6 7. Nc3 Be7 8. Nh4 Be4
9. Nxe4 dxe4 10. g3 O-O 11. Bd2 Ng4 12. Ng2 f5 13. c5 Kh8 14. Nf4 Rf6 15. Nxe6
Qg8 16. Bc4 Nge5 17. dxe5 Nxe5 18. Bc3 Nxc4 19. Bxf6 Bxf6 20. Qxc4 Re8 21. O-O-O
Rxe6 22. Rd7 Rc6 23. Qxg8+ Kxg8 24. Rd5 g6 25. Kb1 Kf7 26. Rhd1 Ke6 27. b4 b6
28. Ka2 b5 29. Kb3 h6 30. h4 g5 31. h5 Bg7 32. Rd8 Bf6 33. Rg8 a5 34. Rg6 1-0

[Event "chess.com SpeedChess Q2Sw"]
[Site "chess.com INT"]
[Date "2022.11.12"]
[Round "10"]
[White "Artemiev, Vladislav"]
[Black "Harikrishna, Pentala"]
[Result "1-0"]
[WhiteTitle "GM"]
[BlackTitle "GM"]
[WhiteElo "2701"]
[BlackElo "2715"]
[WhiteFideId "24101605"]
[BlackFideId "5007003"]
[EventDate "2022.11.12"]

1. c4 e5 2. d3 Bb4+ 3. Bd2 Bxd2+ 4. Qxd2 d6 5. Nc3 Nf6 6. Nf3 O-O 7. g3 Nc6 8.
Bg2 Nd4 9. Nxd4 exd4 10. Nd5 c6 11. Nxf6+ Qxf6 12. Qf4 Qe5 13. b4 Be6 14. Kd2
Rab8 15. Rhc1 Rfe8 16. Rab1 Bf5 17. Bf3 Bd7 18. c5 Qxf4+ 19. gxf4 d5 20. b5 cxb5
21. Rb4 Bc6 22. Rxd4 Rbd8 23. Rg1 Kf8 24. f5 Re5 25. Rh4 Rxf5 26. Rxh7 g6 27. d4
Ke7 28. Rxg6 Rf4 29. Ke3 Rf6 30. Rxf6 Kxf6 31. a3 a5 32. Kd2 Rg8 33. Rh5 Rg1 34.
Bxd5 Kg6 35. Bxc6 Kxh5 36. Bxb7 b4 37. axb4 axb4 38. c6 1-0

[Event "chess.com SpeedChess Q2Sw"]
[Site "chess.com INT"]
[Date "2022.11.12"]
[Round "10"]
[White "Gurevich, Dmitry"]
[Black "Sanchez, Robert"]
[Result "1-0"]
[WhiteTitle "GM"]
[WhiteElo "2396"]
[BlackElo "1971"]
[WhiteFideId "2000407"]
[BlackFideId "2034360"]
[EventDate "2022.11.12"]

1. d4 d5 2. c4 c6 3. cxd5 cxd5 4. Bg5 Nc6 5. e3 Qb6 6. Qd2 Nf6 7. Bxf6 exf6 8.
Nc3 Be6 9. Nge2 Be7 10. g3 O-O 11. Bg2 Rad8 12. O-O Bb4 13. Rfc1 Rfe8 14. a3
Bxc3 15. Nxc3 Na5 16. Na4 Qb5 17. Rc5 Qxa4 18. Rxa5 Qc6 19. Rc1 Qb6 20. Rac5 h5
21. h4 Re7 22. b4 g6 23. Bf3 Kg7 24. Kg2 Red7 25. a4 Bf5 26. Qc3 Qe6 27. a5 a6
28. Qd2 Be4 29. Qe2 f5 30. Kg1 Qf6 31. Rd1 g5 32. Bxe4 fxe4 33. Qxh5 gxh4 34.
Qg4+ Qg6 35. Qxg6+ Kxg6 36. gxh4 Kh5 37. Rdc1 Kxh4 38. Rc7 Kg4 39. Kg2 f5 40.
Rxd7 Rxd7 41. Rc8 Rg7 42. Rd8 f4 43. Rxd5 f3+ 44. Kf1 Kh3 45. Rh5+ Kg4 46. Re5
Kh3 47. Rxe4 Rc7 48. Ke1 Rc2 49. Rf4 Re2+ 50. Kf1 Rb2 51. Rxf3+ 1-0

[Event "chess.com SpeedChess Q2Sw"]
[Site "chess.com INT"]
[Date "2022.11.12"]
[Round "10"]
[White "Erdogdu, Mert"]
[Black "Grandelius, Nils"]
[Result "1-0"]
[WhiteTitle "GM"]
[BlackTitle "GM"]
[WhiteElo "2413"]
[BlackElo "2657"]
[WhiteFideId "6301495"]
[BlackFideId "1710400"]
[EventDate "2022.11.12"]

1. e4 c5 2. Nf3 d6 3. d4 cxd4 4. Nxd4 Nf6 5. Nc3 a6 6. Be3 Nbd7 7. f3 Qc7 8. Qd2
b5 9. O-O-O Bb7 10. g4 b4 11. Nce2 h6 12. Ng3 e5 13. Ndf5 d5 14. Bd3 d4 15. Bf2
g6 16. Nh4 Nc5 17. Kb1 Na4 18. f4 Nxg4 19. fxe5 Nc3+ 20. Ka1 Nxd1 21. Rxd1 Nxf2
22. Qxf2 Qxe5 23. Bc4 O-O-O 24. Nf3 Qc7 25. Qe2 Bg7 26. Bxa6 Rhe8 27. Kb1 h5 28.
Ng5 h4 29. Nf1 Kb8 30. Bxb7 Qxb7 31. Nd2 f5 32. Qf3 Bh6 33. Qf4+ Qc7 34. Qxh4
Bxg5 35. Qxg5 fxe4 36. Qxg6 e3 37. Nb3 Qd6 38. Qh5 Re5 39. Qe2 Rd5 40. Nc1 Rh8
41. Rh1 Rdh5 42. b3 Rxh2 43. Qb5+ Kc7 44. Rg1 R2h7 45. Rg5 Rc8 46. Rc5+ Kd8 47.
Rd5 Rd7 48. Rxd6 Rxd6 49. Qxb4 Kd7 50. Qb5+ Ke6 51. Ne2 Rcd8 52. Qd3 Ke5 53. a4 1-0

[Event "chess.com SpeedChess Q2Sw"]
[Site "chess.com INT"]
[Date "2022.11.12"]
[Round "10"]
[White "Begunov, Konstantin"]
[Black "Janaszak, Dawid"]
[Result "0-1"]
[WhiteTitle "FM"]
[BlackTitle "FM"]
[WhiteElo "2325"]
[BlackElo "2322"]
[WhiteFideId "4118510"]
[BlackFideId "1119206"]
[EventDate "2022.11.12"]

1. d4 c5 2. dxc5 e5 3. Nc3 Bxc5 4. Ne4 Qb6 5. Nxc5 Qxc5 6. c3 Nf6 7. Bg5 Ne4 8.
Bh4 d5 9. f3 Nd6 10. e4 dxe4 11. fxe4 Be6 12. Bd3 O-O 13. Qe2 Nc6 14. Nf3 f6 15.
Bf2 Qa5 16. O-O Rad8 17. a4 Qc7 18. Nd2 b6 19. Nc4 Nf7 20. Ne3 Na5 21. Rfd1 Ng5
22. Nd5 Qb7 23. b4 Nc6 24. b5 Ne7 25. c4 Ng6 26. Be3 Nf7 27. a5 Bxd5 28. cxd5
Nd6 29. axb6 axb6 30. Ra6 Nc8 31. Rc1 Nf4 32. Qd2 g5 33. Rc6 Qf7 34. Bf1 f5 35.
g3 Ng6 36. Bg2 f4 37. Bf2 g4 38. Qa2 Rd6 39. Rxd6 Nxd6 40. Rxb6 f3 41. Bf1 Nxe4
42. Qa6 Nxf2 43. Kxf2 e4 44. Re6 Qg7 45. Qd6 Qb2+ 46. Ke3 Qc1+ 47. Kd4 Qd2+ 48.
Kc5 Qc1+ 0-1

[Event "chess.com SpeedChess Q2Sw"]
[Site "chess.com INT"]
[Date "2022.11.12"]
[Round "10"]
[White "Deev, Andrei"]
[Black "Gheorghiu, Calin"]
[Result "0-1"]
[WhiteTitle "IM"]
[BlackTitle "FM"]
[WhiteElo "2390"]
[BlackElo "2300"]
[WhiteFideId "4102690"]
[BlackFideId "1200305"]
[EventDate "2022.11.12"]

1. e4 c5 2. Nf3 d6 3. c3 Nf6 4. Be2 Nc6 5. d4 cxd4 6. cxd4 d5 7. e5 Ne4 8. Nc3
Nxc3 9. bxc3 e6 10. Bd3 Be7 11. Be3 h6 12. O-O Bd7 13. Rb1 Qc7 14. Nd2 Na5 15.
Qg4 g6 16. Bxg6 fxg6 17. Qxg6+ Kd8 18. f4 Nc4 19. Nxc4 dxc4 20. f5 exf5 21. e6
Be8 22. Qg7 Rf8 23. Bxh6 Rf6 24. d5 Rg6 25. Qh8 Bf6 26. Qf8 Qe7 27. d6 Qxf8 28.
Bxf8 Bc6 29. g3 Ke8 30. e7 Bxc3 31. Rfd1 f4 32. Kf2 fxg3+ 33. hxg3 Be5 34. d7+
Bxd7 35. Rxb7 Bc6 36. Rb4 Rf6+ 37. Ke3 Rf3+ 38. Ke2 c3 39. Rc4 Rf6 0-1

[Event "chess.com SpeedChess Q2Sw"]
[Site "chess.com INT"]
[Date "2022.11.12"]
[Round "10"]
[White "Csonka, Balazs"]
[Black "Novik, Maxim"]
[Result "1-0"]
[WhiteTitle "IM"]
[BlackTitle "GM"]
[WhiteElo "2497"]
[BlackElo "2412"]
[WhiteFideId "742910"]
[BlackFideId "4102924"]
[EventDate "2022.11.12"]

1. d4 Nf6 2. c4 g6 3. Nc3 d5 4. h4 c5 5. cxd5 cxd4 6. Qxd4 Bg7 7. Qa4+ Nbd7 8.
e4 O-O 9. Nf3 Nc5 10. Qc2 Bg4 11. Be3 Rc8 12. Nd2 e6 13. d6 Qxd6 14. f3 Rfd8 15.
Be2 Bh5 16. O-O Ncxe4 17. Ndxe4 Nxe4 18. Qxe4 f5 19. Qa4 Bxc3 20. bxc3 Qe5 21.
Qf4 Qxf4 22. Bxf4 e5 23. Bg5 Rd6 24. Rfd1 Rxd1+ 25. Rxd1 f4 26. Rd7 Rxc3 27.
Rxb7 e4 28. Rxa7 exf3 29. gxf3 Bxf3 30. Bxf3 Rxf3 31. Ra8+ Kg7 32. Ra7+ Kg8 33.
Ra4 Rg3+ 34. Kf2 Rh3 35. Kg2 Rg3+ 36. Kh2 Rd3 37. Bxf4 Kg7 38. Ra7+ Kf6 39. Rxh7 1-0

[Event "chess.com SpeedChess Q2Sw"]
[Site "chess.com INT"]
[Date "2022.11.12"]
[Round "10"]
[White "Podobnik, Marijan"]
[Black "Matveeva, Olga"]
[Result "1-0"]
[WhiteTitle "FM"]
[BlackTitle "WIM"]
[WhiteElo "2118"]
[BlackElo "2111"]
[WhiteFideId "14502151"]
[BlackFideId "24107018"]
[EventDate "2022.11.12"]

1. e4 e6 2. d4 d5 3. Nd2 c5 4. exd5 Qxd5 5. Ngf3 cxd4 6. Bc4 Qd6 7. O-O Nf6 8.
Nb3 Nc6 9. Nbxd4 Nxd4 10. Qxd4 Qxd4 11. Nxd4 Bc5 12. Nb3 Bb6 13. Be2 a5 14. a4
Bd7 15. Bf3 Bc6 16. Bxc6+ bxc6 17. Nd2 Ke7 18. Nc4 Bc5 19. Bd2 Bb4 20. Bxb4+
axb4 21. a5 Ra6 22. Ra4 Nd5 23. Rfa1 c5 24. Kf1 Rha8 25. g3 g5 26. Ke2 g4 27.
Kd3 f5 28. Ne5 Kd6 29. Nc4+ Kc6 30. Ne5+ Kb5 31. c4+ bxc3 32. bxc3 c4+ 33. Nxc4
Kc5 34. Ne5 Rd8 35. Kc2 h5 36. Rc4+ Kd6 37. Nf7+ Ke7 38. Nxd8 Kxd8 39. Kb3 Kd7
40. Ra3 Kd6 41. Rc8 f4 42. c4 Nf6 43. gxf4 Ne4 44. Ra2 Nc5+ 45. Kc3 h4 46. Rg8
Ne4+ 47. Kd4 Nf6 48. Rg6 Ke7 49. Rh6 h3 50. Rh8 Kd6 51. Rb8 Nd7 52. Rg8 Nf6 53.
c5+ Kc6 54. Rg6 1-0